[Event "7th Balagne Open"]
[Site "Calvi FRA"]
[Date "2010.04.29"]
[Round "7"]
[White "Das,Arg"]
[Black "Massoni,M"]
[Result "1-0"]
[WhiteElo "2419"]
[BlackElo "2292"]

1.e4 c5 2.Nf3 e6 3.d4 cxd4 4.Nxd4 Nc6 5.Nb5 Nf6 6.N1c3 Bb4 7.a3 Bxc3+ 8.Nxc3 d5
9.Bd3 d4 10.Ne2 O-O 11.O-O Nd7 12.c3 dxc3 13.Nxc3 Nc5 14.Bc4 Na5 15.Ba2 Qxd1
16.Rxd1 Ncb3 17.Rb1 Nxc1 18.Rbxc1 Nc6 19.Nb5 Rb8 20.f4 Re8 21.b4 Kf8 22.Nd6 Rd8
23.b5 Ne7 24.Rc7 Rd7 25.Rxd7 Bxd7 26.Nxf7 Kxf7 27.Rxd7 Rc8 28.Rd2 g6 29.g4 Kf6
30.e5+ Kf7 31.a4 Rc3 32.Rf2 Nd5 33.Bxd5 exd5 34.f5 gxf5 35.gxf5 Re3 36.e6+ Kf6
37.Rf4 h5 38.Kf2 Rh3 39.Rd4 Rxh2+ 40.Kg3 Ra2 41.Rxd5 Rxa4 42.Kf3 Ra1 43.Re5 Ke7
44.f6+ Ke8 45.Kf4 Rf1+ 46.Kg5 h4 47.Rc5 Kd8 48.e7+ Kd7 49.Rd5+  1-0

[Event "7th Balagne Open"]
[Site "Calvi FRA"]
[Date "2010.04.30"]
[Round "8"]
[White "Massoni,M"]
[Black "Gomez,Gu"]
[Result "1-0"]
[WhiteElo "2292"]
[BlackElo "2137"]

1.e4 c5 2.Nf3 Nc6 3.d4 cxd4 4.Nxd4 e6 5.Nb5 d6 6.Bf4 e5 7.Be3 a6 8.N5c3 Nf6
9.Be2 Be7 10.Nd5 Nxd5 11.exd5 Nb8 12.O-O Bg5 13.Bxg5 Qxg5 14.Nd2 Qe7 15.a4 O-O
16.Nc4 Nd7 17.Qd2 f5 18.f4 e4 19.a5 Nf6 20.Ne3 Bd7 21.b4 g6 22.c4 Qg7 23.Qd4 g5
24.Rac1 Ng4 25.Qxg7+ Kxg7 26.Bxg4 fxg4 27.fxg5 Kg6 28.Rxf8 Rxf8 29.Rf1 Rxf1+
30.Kxf1 Kxg5 31.Kf2 Kf4 32.Nf1 e3+ 33.Nxe3 Ke4 34.c5 Kd4 35.cxd6 Kc3 36.Kg3 Kxb4
37.Nxg4 Kxa5 38.Ne5 Bc8 39.d7 Bxd7 40.Nxd7 Kb5 41.Kf4 a5 42.Ke5 a4 43.Kd4 Kb4
44.Nc5 a3 45.Nd3+ Kb3 46.d6  1-0

[Event "ch-Commonwealth"]
[Site "Delhi IND"]
[Date "2010.05.12"]
[Round "4"]
[White "Konguvel,P"]
[Black "Shah,Dhr"]
[Result "1-0"]
[WhiteElo "2412"]
[BlackElo "1779"]

1.e4 c5 2.Nf3 e6 3.d4 cxd4 4.Nxd4 Nc6 5.Nb5 d6 6.c4 Nf6 7.N1c3 a6 8.Na3 Be7
9.Be2 O-O 10.O-O b6 11.Bf4 Bb7 12.Qd2 Ne5 13.Rfd1 Qc7 14.f3 Rac8 15.Rac1 Qb8
16.Kh1 Rfe8 17.Bf1 Kh8 18.Qf2 Bd8 19.b4 Nfd7 20.Na4 Bc7 21.Bxe5 Nxe5 22.Nxb6 Rcd8
23.c5 Nc6 24.b5 axb5 25.Nxb5 dxc5 26.Nxc7 Qxc7 27.Qxc5 Rxd1 28.Rxd1 Rd8 29.Rd7 Qb8
30.Kg1 Rxd7 31.Nxd7 Qd8 32.Bb5 Ne7 33.a4 h6 34.Qb6 Qc8 35.Nc5 Bc6 36.Bxc6 Nxc6
37.a5 Nb8 38.Qd6 Nc6 39.a6 Na7 40.Qb6 Qa8 41.h3 Nc6 42.Qb7 Qxb7 43.Nxb7 Kg8
44.Nd6 Na7 45.e5 Kf8 46.Kf2 Ke7 47.Ke3 f6 48.Kd4 Kd7 49.Kc5 fxe5 50.Nb5  1-0

[Event "XXIX Open A"]
[Site "Zalakaros HUN"]
[Date "2010.05.29"]
[Round "4"]
[White "Toplak,S"]
[Black "Kozak,Mi"]
[Result "0-1"]
[WhiteElo "1909"]
[BlackElo "2184"]

1.e4 c5 2.Nf3 e6 3.d4 cxd4 4.Nxd4 Nc6 5.Nb5 d6 6.N1c3 a6 7.Na3 b5 8.Ne2 Nf6
9.f3 Be7 10.c3 d5 11.exd5 Nxd5 12.Nc2 O-O 13.Nf4 Bc5 14.Nd3 Ba7 15.Qe2 e5
16.Be3 Nxe3 17.Nxe3 Be6 18.b3 Rc8 19.h4 Re8 20.g3 Qb6 21.Nd1 Bd5 22.Bg2 f5
23.Kd2 Rcd8 24.N1b2 e4 25.fxe4 fxe4 26.Rae1 e3+ 27.Kd1 Bxg2 28.Qxg2 Ne5 29.Qe4 Nc4
30.Qg2 Nxb2+ 31.Qxb2 Rxd3+  0-1

[Event "14th Master Open"]
[Site "Voronezh RUS"]
[Date "2010.06.18"]
[Round "6"]
[White "Zubov,A UKR"]
[Black "Dubov,Danii"]
[Result "0-1"]
[WhiteElo "2586"]
[BlackElo "2416"]

1.e4 c5 2.Nf3 e6 3.d4 cxd4 4.Nxd4 Nc6 5.Nb5 d6 6.Bf4 Ne5 7.Qd4 a6 8.N5c3 Qc7
9.a4 Nf6 10.Be2 Be7 11.O-O O-O 12.Na3 b6 13.Rad1 Bb7 14.Qe3 Qc6 15.Rd4 Rac8
16.Rfd1 Qc5 17.Qg3 Rfd8 18.Nc4 Nh5 19.Qe3 Nxf4 20.Qxf4 Nc6 21.Rxd6 Bxd6 22.Nxd6 Rc7
23.Nxb7 Rxd1+ 24.Nxd1 Rxb7 25.Bxa6 Qa5 26.Qd6 b5 27.b4 Qxa6 28.c4 Qxa4  0-1

[Event "Heart of Finland"]
[Site "Jyvaskyla FIN"]
[Date "2010.07.06"]
[Round "2"]
[White "Jarvenpaa,J"]
[Black "Lauk,U"]
[Result "0-1"]
[WhiteElo "2123"]
[BlackElo "2410"]

1.e4 c5 2.Nf3 e6 3.d4 cxd4 4.Nxd4 Nc6 5.Nb5 d6 6.c4 Nf6 7.N1c3 a6 8.Na3 Be7
9.Nc2 b6 10.f4 Bb7 11.Bd3 Rc8 12.Qe2 Nd7 13.O-O Nc5 14.Be3 O-O 15.Rfd1 Qc7
16.Rac1 Bf6 17.Bxc5 bxc5 18.Ne3 Nd4 19.Qf2 Rce8 20.Ng4 Qd8 21.e5 Bh4 22.Qe3 dxe5
23.Nxe5 f6 24.Ng4 f5 25.Ne5 g5 26.Ne2 gxf4 27.Nxf4 a5 28.Bb1 Qg5 29.Kf1 Qg7
30.Ned3 e5 31.Nd5 Bg5 32.Qg3 f4 33.Qh3 f3 34.g3 Bc8 35.Qh5 e4 36.Nxc5 e3
37.Bxh7+ Qxh7 38.Qxg5+ Kh8 39.Rxd4 e2+  0-1

[Event "7th South Wales Int"]
[Site "Treforest WLS"]
[Date "2010.07.13"]
[Round "5"]
[White "Foster,JM"]
[Black "Harley Yeo,G"]
[Result "1-0"]
[WhiteElo "1924"]
[BlackElo "2024"]

1.e4 c5 2.Nf3 e6 3.d4 cxd4 4.Nxd4 Nc6 5.Nb5 Nf6 6.N1c3 Bb4 7.Nd6+ Ke7 8.Bf4 e5
9.Nf5+ Kf8 10.Bd2 d6 11.Ng3 a6 12.Be2 Nd4 13.O-O Be6 14.a3 Bc5 15.b4 Bb6
16.Bg5 h6 17.Bxf6 Qxf6 18.Nd5 Bxd5 19.exd5 Rc8 20.c4 Qe7 21.Qd3 g6 22.Rac1 f5
23.Rfd1 Kg7 24.Kh1 h5 25.h3 h4 26.Nf1 e4 27.Qc3 Kh7 28.Rxd4 Bxd4 29.Qxd4 f4
30.Bg4 Rc7 31.Be6 f3 32.Qxe4 Qg5 33.Ne3 fxg2+ 34.Qxg2 Qf4 35.Rg1 Qf6 36.Qe4 Rg7
37.Rg4 Re7 38.Rxh4+ Kg7 39.Rxh8 Kxh8 40.Ng4 Qh4 41.Qf3 Kg7 42.Qc3+ Kh7 43.Nf6+ Kh6
44.Ng8+ Kh7 45.Nxe7 Qxf2 46.Bg8+ Kh6 47.Qd3 Qe1+ 48.Kg2 Qxe7 49.Be6 Qg5+
50.Bg4 Qc1 51.Be2 Qg5+ 52.Qg3 Qd2 53.Qg4 Qe3 54.Qf3 Qg5+ 55.Kf2 Qh4+ 56.Ke3 Qe7+
57.Qe4 Qg7 58.Qh4+  1-0

[Event "Corporation Centre Cup"]
[Site "Izhevsk RUS"]
[Date "2010.07.19"]
[Round "5"]
[White "Gabaidulina,Olga"]
[Black "Ospennikov,D"]
[Result "1/2-1/2"]
[WhiteElo "1885"]
[BlackElo "2230"]

1.e4 c5 2.Nf3 e6 3.d4 cxd4 4.Nxd4 Nc6 5.Nb5 d6 6.N1c3 a6 7.Nd4 Nf6 8.Be3 Be7
9.Be2 O-O 10.O-O Qc7 11.f4 Nxd4 12.Bxd4 e5 13.Be3 exf4 14.Bxf4 Be6 15.Kh1 Rfe8
16.Bf3 Rac8 17.Re1 Nd7 18.Rc1 Qc5 19.Nd5 Bxd5 20.Qxd5 Ne5 21.Bxe5 dxe5 22.Qxb7 Rb8
23.Qxa6 Rxb2 24.Red1 Reb8 25.Rd5 Rb1 26.Rxb1 Rxb1+ 27.Rd1 Qxc2 28.Qa8+ Bf8
29.Qd5 g6 30.h3 Rxd1+ 31.Bxd1 Qf2 32.Bb3 Bc5 33.Qd1 Kg7 34.Bc4 Qe3 35.Qf1 f6
36.Bd3 h5 37.g4 Kh6 38.gxh5 Kxh5 39.Qe2+ Qxe2 40.Bxe2+ Kg5 41.Kg2 Kf4 42.Bf3 g5
43.a4 Bd4 44.a5 Bc5 45.a6 Bb6 46.Bh5 Kxe4 47.Bg6+ Kf4 48.Kf1 e4 49.Ke2 Ke5
50.Be8 f5 51.Bd7 g4 52.hxg4 f4 53.g5 f3+ 54.Kf1 e3 55.Bb5 Kf5 56.g6 Kxg6
57.a7 Bxa7 58.Bc6  1/2-1/2

[Event "FSIMB August"]
[Site "Budapest HUN"]
[Date "2010.08.09"]
[Round "3"]
[White "Farago,S"]
[Black "Erdelyi,Z"]
[Result "1-0"]
[WhiteElo "2243"]
[BlackElo "2336"]

1.e4 c5 2.Nf3 e6 3.d4 cxd4 4.Nxd4 Nc6 5.Nb5 d6 6.c4 Nf6 7.N5c3 Be7 8.Be3 O-O
9.Be2 b6 10.O-O Bb7 11.a3 Rc8 12.f4 Na5 13.Nd2 d5 14.cxd5 exd5 15.exd5 Nxd5
16.Nxd5 Qxd5 17.Bf3 Qd3 18.Re1 Bh4 19.Re2 Rfd8 20.Bxb7 Nxb7 21.Qf1 Bf6 22.Bxb6 Rf8
23.Bxa7 Rc2 24.Rd1 Rxb2 25.Re3 Qf5 26.Ne4 Bd8 27.Bd4 Bb6 28.Bxb6 Rxb6 29.Qf2 h6
30.h3 Ra8 31.Nc3 Re6 32.Nd5 Kh7 33.g4 Qg6 34.f5 Qg5 35.fxe6 fxe6 36.Nc7 Rf8
37.Nxe6  1-0

[Event "FSIMB August"]
[Site "Budapest HUN"]
[Date "2010.08.11"]
[Round "5"]
[White "Farago,S"]
[Black "Kashtanov,R"]
[Result "0-1"]
[WhiteElo "2243"]
[BlackElo "2319"]

1.e4 c5 2.Nf3 e6 3.d4 cxd4 4.Nxd4 Nc6 5.Nb5 Nf6 6.N1c3 d6 7.Bf4 e5 8.Bg5 a6
9.Na3 b5 10.Nd5 Be7 11.Nxe7 Nxe7 12.f3 h6 13.Bh4 Ng6 14.Bf2 O-O 15.c4 Rb8
16.cxb5 axb5 17.Qd2 b4 18.Nc4 d5 19.exd5 Re8 20.O-O-O b3 21.axb3 Rb5 22.Qc2 Rxd5
23.Bb6 Qe7 24.Bd3 Nf4 25.Be4 Nxe4 26.fxe4 Rb5 27.Nd6 Rxb6 28.Nxc8 Qb4 29.Nxb6 Qxb6
30.Rd7 Re6 31.Kb1 Rc6 32.Qd2 Qxb3 33.Rc1 Ra6 34.Rc8+ Kh7 35.Qd1 Qa2+ 36.Kc2 Rb6
37.Qb1 Qa4+ 38.b3 Qxd7 39.Rc3 Qd4 40.Qe1 Ra6 41.g3 Ra2+ 42.Kb1 Qa7  0-1

[Event "25th Open"]
[Site "Teteven BUL"]
[Date "2010.08.14"]
[Round "1"]
[White "Nancheva,Doroteya"]
[Black "Nikolov,Sas"]
[Result "0-1"]
[WhiteElo "1814"]
[BlackElo "2409"]

1.e4 c5 2.Nf3 e6 3.d4 cxd4 4.Nxd4 Nc6 5.Nb5 d6 6.Bf4 e5 7.Be3 Nf6 8.Bg5 Be6
9.Bxf6 gxf6 10.N1c3 a6 11.Na3 b5 12.Nd5 Bg7 13.c3 Ne7 14.Nc2 Bxd5 15.exd5 f5
16.Be2 O-O 17.O-O f4 18.f3 f5 19.Qd3 Ng6 20.a4 bxa4 21.Rxa4 a5 22.Na3 Qg5
23.Ra1 Rae8 24.Nb5 Nh4 25.Bf1 e4 26.fxe4 fxe4 27.Rxe4 Nxg2 28.Kh1 Ne3 29.Rxe8 Rxe8
30.Nxd6 Re5 31.Ne4 Qg4 32.Nd2 Rg5  0-1

[Event "6th Geller Memorial Open A"]
[Site "Odessa UKR"]
[Date "2010.08.26"]
[Round "6"]
[White "Varchenko,G"]
[Black "Zabgaeva,M"]
[Result "1-0"]
[WhiteElo "2138"]
[BlackElo "1801"]

1.e4 c5 2.Nf3 e6 3.d4 cxd4 4.Nxd4 Nc6 5.Nb5 d6 6.Bf4 e5 7.Be3 Nf6 8.f3 a6
9.N5c3 Be6 10.Nd5 Bxd5 11.exd5 Qa5+ 12.Nc3 Ne7 13.Bc4 Rc8 14.Bb3 g6 15.O-O Nf5
16.Bf2 Bh6 17.Qd3 O-O 18.Ne4 Nxe4 19.fxe4 Ne7 20.Bh4 g5 21.Be1 Qc7 22.Qh3 Bg7
23.Qg4 h6 24.h4 gxh4 25.Bxh4 Kh8 26.Bf6 Rg8 27.Qh4 Qc5+ 28.Kh2  1-0

[Event "EYCC Girls U18"]
[Site "Batumi GEO"]
[Date "2010.09.23"]
[Round "4"]
[White "Spirou,M"]
[Black "Miladinovic,L"]
[Result "1-0"]
[WhiteElo "1836"]
[BlackElo "2064"]

1.e4 c5 2.Nf3 e6 3.d4 cxd4 4.Nxd4 Nc6 5.Nb5 d6 6.c4 Nf6 7.N1c3 a6 8.Na3 Be7
9.Be3 O-O 10.Be2 b6 11.O-O Bb7 12.f3 Ne5 13.Qb3 Ned7 14.Rfd1 Qc7 15.Rac1 Nc5
16.Qc2 Rac8 17.b4 Ncd7 18.Qb3 Qb8 19.Kh1 Bd8 20.Nc2 Bc7 21.Bg1 Kh8 22.Qb2 Rg8
23.Ne3 Bd8 24.Qd2 Be7 25.Bf2 Ne5 26.Rb1 g5 27.Qd4 Nc6 28.Qd2 Rg7 29.a3 Ne5
30.Qd4 Qc7 31.Na4 Nfd7 32.c5  1-0

[Event "Continental Class Ch"]
[Site "Arlington USA"]
[Date "2010.10.08"]
[Round "2"]
[White "Perez,Rob"]
[Black "Zapata,Alo"]
[Result "0-1"]
[WhiteElo "2211"]
[BlackElo "2488"]

1.e4 c5 2.Nf3 e6 3.d4 cxd4 4.Nxd4 Nc6 5.Nb5 d6 6.c4 Nf6 7.N1c3 a6 8.Na3 Be7
9.Be2 O-O 10.Be3 b6 11.O-O Bb7 12.Qb3 Nd7 13.Rad1 Nc5 14.Qc2 Rc8 15.Qb1 Qc7
16.Rd2 Bf6 17.Rc1 Nb4 18.f3 Rfd8 19.Bf4 Be5 20.Bxe5 dxe5 21.Rcd1 Bc6 22.Nc2 a5
23.Ne3 Qe7 24.Rxd8+ Rxd8 25.a3 Nba6 26.b4 Na4 27.Nxa4 Bxa4 28.Rxd8+ Qxd8
29.bxa5 bxa5 30.g3 h6 31.Kf2 Nc5 32.Qe1 f6 33.Qc3 Kf7 34.Qe1 g6 35.Qc3 Ke7
36.h3 Bc6 37.Nc2 g5 38.Qe3 Qd6 39.h4 Ba4 40.Ne1 Qd4 41.hxg5 hxg5 42.Nd3 Kd6
43.Nc1 Bc2 44.g4 Kc6 45.Bf1 Kd6 46.Be2 Na4 47.Bd3 Bd1 48.Be2 Bxe2 49.Qxd4+ exd4
50.Kxe2 e5 51.Nb3 Nc3+ 52.Kd3 a4 53.Nd2 Nd1 54.Kc2 Ne3+ 55.Kd3 Kc5 56.Nb1 Nxc4
57.Kc2 Kb5 58.Kc1 Na5 59.Kc2 Nb3 60.Kd3 Kc5  0-1

[Event "Winterthurer Schachwoche"]
[Site "Winterthur SUI"]
[Date "2010.10.09"]
[Round "1"]
[White "Schaerer,J"]
[Black "Kamber,B"]
[Result "1-0"]
[WhiteElo "2081"]
[BlackElo "2313"]

1.e4 c5 2.Nf3 e6 3.d4 cxd4 4.Nxd4 Nc6 5.Nb5 Nf6 6.N1c3 d6 7.Bf4 e5 8.Bg5 a6
9.Na3 b5 10.Nd5 Be7 11.Bxf6 Bxf6 12.c4 Bg5 13.Be2 b4 14.Nc2 Bb7 15.O-O a5
16.Qd3 O-O 17.a3 bxa3 18.Rxa3 Nb8 19.Qb3 Bc6 20.Ne1 Nd7 21.Nd3 f5 22.Bf3 Kh8
23.exf5 Rxf5 24.Be4 Rf8 25.Nc3 Rb8 26.Qc2 Qb6 27.Qe2 Nf6 28.c5 Qb7 29.Bxc6 Qxc6
30.f3 e4 31.fxe4 dxc5 32.Ne5 Qb7 33.Rxa5 Rfe8 34.Rb5 Qc7 35.Rxb8 Qxb8 36.Nf7+ Kg8
37.Nxg5 Qb4 38.Re1 c4 39.h3 Qc5+ 40.Qe3 Qb4 41.Re2 Qa5 42.Nf3 Nh5 43.Qg5 Qa7+
44.Kh2 Qc7+ 45.e5 Nf6 46.Qg3 Nh5 47.Qg5 Nf6 48.Kh1 Nd7 49.Qg4 Kh8 50.Re4 Nf8
51.Rxc4 Qb8 52.Rb4 Qa8 53.Qe4 Qa1+ 54.Kh2 Qa5 55.Rb5 Qd8 56.Qd5 Qc8 57.Ne4 Re7
58.Ra5 Qf5 59.Ng3 Qc8 60.Ra8  1-0

[Event "Chigorin Mem Classic Open"]
[Site "St Petersburg RUS"]
[Date "2010.11.05"]
[Round "9"]
[White "Shchukin,D"]
[Black "Kopasov,A"]
[Result "1-0"]
[WhiteElo "2346"]
[BlackElo "2198"]

1.e4 c5 2.Nf3 Nc6 3.d4 cxd4 4.Nxd4 e6 5.Nb5 d6 6.Bf4 e5 7.N1c3 a6 8.Nd5 axb5
9.Be3 Ra4 10.f3 Qa5+ 11.b4 Rxb4 12.c3 Rd4 13.Qb3 Be6 14.Bxb5 Ne7 15.Bxd4 exd4
16.O-O dxc3 17.Rab1 Kd8 18.Rfc1 Nd4 19.Qc4 c2 20.Rb2 Nxb5 21.Rxb5 Qa7+ 22.Kh1 Nxd5
23.Qxc2 Bd7 24.exd5 b6 25.Rb4 Be7 26.Rcb1 b5 27.a4 Qb6 28.axb5 Bf6 29.Ra4 Re8
30.Ra8+ Ke7 31.Rxe8+ Kxe8 32.Qxh7 Bxb5 33.Qe4+ Kd7 34.Qb4 Bd4 35.Qxb5+ Qxb5
36.Rxb5 Ke7 37.Rb4 Bc5 38.Re4+  1-0

[Event "Chigorin Mem Classic Open"]
[Site "St Petersburg RUS"]
[Date "2010.11.05"]
[Round "9"]
[White "Saveliev,Alexei"]
[Black "Guzenko,A"]
[Result "0-1"]
[WhiteElo "2000"]
[BlackElo "2213"]

1.e4 c5 2.Nf3 e6 3.d4 cxd4 4.Nxd4 Nc6 5.Nb5 d6 6.c4 a6 7.N5c3 Nf6 8.g3 Qc7
9.Bg2 h5 10.Bg5 Ne5 11.b3 Rb8 12.O-O b5 13.Nd2 bxc4 14.bxc4 Bd7 15.Qe2 Be7
16.h3 Qa5 17.Rfc1 h4 18.Be3 hxg3 19.f4 Ng6 20.c5 Nh5 21.Nc4 Qd8 22.cxd6 Nhxf4
23.Qf3 Bg5 24.Bxf4 Bxf4 25.Rf1 Qg5 26.e5 O-O 27.Ne4 Qh4 28.a4 Bc6 29.Rab1 Bd5
30.Rxb8 Rxb8 31.Ne3 Rb3 32.d7 Qd8 33.Nxd5 Rxf3 34.Rxf3 exd5 35.Nc5 Bxe5 36.Rd3 Bd6
37.Ne4 Qxd7 38.Rxd5 Qa7+  0-1

[Event "ch-UKR w"]
[Site "Poltava UKR"]
[Date "2010.11.13"]
[Round "1"]
[White "Ivanenko,O2"]
[Black "Vasilevich,T"]
[Result "0-1"]
[WhiteElo "2132"]
[BlackElo "2417"]

1.e4 c5 2.Nf3 e6 3.d4 cxd4 4.Nxd4 Nc6 5.Nb5 d6 6.c4 Nf6 7.N1c3 a6 8.Na3 Be7
9.Be2 O-O 10.Be3 b6 11.O-O Bb7 12.f4 Rc8 13.Nab1 Na5 14.Nd2 d5 15.cxd5 exd5
16.exd5 Bb4 17.Bd4 Nxd5 18.Rc1 Bxc3 19.bxc3 Nxc3 20.Bxc3 Rxc3 21.Rxc3 Qd4+
22.Kh1 Qxc3 23.Nf3 Qc6 24.Qd4 b5 25.f5 Re8 26.Bd3 Qd5 27.Qxd5 Bxd5 28.Rc1 Nc6
29.Rc5 Nb4 30.Ne5 f6 31.a3 Rxe5  0-1

[Event "XXIII Belgrade Trophy"]
[Site "Obrenovac SRB"]
[Date "2010.11.24"]
[Round "1.27"]
[White "Brakus,D"]
[Black "Tosic,M"]
[Result "0-1"]
[WhiteElo "1978"]
[BlackElo "2413"]

1.d4 e6 2.e4 c5 3.Nf3 cxd4 4.Nxd4 Nc6 5.Nb5 d6 6.Bf4 e5 7.Be3 Nf6 8.f3 a6
9.N5c3 Be6 10.Nd2 b5 11.Nb3 Be7 12.a4 b4 13.Nd5 Bxd5 14.exd5 Na5 15.Qd2 O-O
16.Rd1 Nxb3 17.cxb3 Qa5 18.Bc4 Bd8 19.O-O Bb6 20.Rfe1 Nd7 21.Kh1 Bxe3 22.Rxe3 f5
23.f4 Qb6 24.fxe5 Nxe5 25.Qd4 Qxd4 26.Rxd4 Rac8 27.g3 a5 28.Kg2 g6 29.h3 Kg7
30.Re2 Rc5 31.Kf2 Rfc8 32.Rc2 g5 33.Ke3 Re8 34.Kf2 Re7 35.Re2 Kf6 36.Bb5 Rc1
37.Rdd2 Rc5 38.Rd4 h6 39.Rdd2 Rc1 40.Rc2 Rc7 41.Rxc7 Rxc7 42.Rd2 Rc1 43.Kg2 f4
44.gxf4 gxf4 45.Be2 Kf5 46.Bf3 Rg1+  0-1

[Event "11th Puhajarve Rapid"]
[Site "Harjumaa EST"]
[Date "2010.11.27"]
[Round "23"]
[White "Leito,P"]
[Black "Volodin,Alek"]
[Result "1/2-1/2"]
[WhiteElo "2333"]
[BlackElo "2481"]

1.e4 c5 2.Nf3 e6 3.d4 cxd4 4.Nxd4 Nc6 5.Nb5 d6 6.c4 Nf6 7.N1c3 a6 8.Na3 Be7
9.Be2 O-O 10.O-O Ne5 11.Be3 b6 12.Rc1 Bb7 13.f3 Rc8 14.Qd2 Qc7 15.Rfd1 Rfe8
16.Kh1 Ned7 17.Bf1 Qb8 18.Nc2 Ne5 19.b3 h5 20.Nd4 h4 21.Qf2 Ng6 22.Bd3 Qa8
23.h3 Qb8 24.Nde2 Nd7 25.Na4 Bd8 26.Nxb6 Nxb6 27.Bxb6 Bf6 28.Be3 d5 29.exd5 exd5
30.Bxg6 fxg6 31.c5 Qe5 32.c6 Bxc6 33.Nd4 Qxe3 34.Qxe3 Rxe3 35.Rxc6 Rce8 36.Rcc1 a5
37.a3 Rb8 38.Nc6 Rbxb3 39.Rxd5 Rxa3 40.Rxa5 Rac3 41.Rxc3 Rxc3 42.Ra6 Rc1+
43.Kh2 Bg5 44.g4 Rc2+ 45.Kh1 Rc3 46.Kg2 Rc2+ 47.Kh1 Bf6 48.Nb4 Rc1+ 49.Kg2 Rb1
50.Nd5 Rb2+ 51.Kh1 Rb1+ 52.Kg2 Rb2+ 53.Kh1 Be5 54.f4 Bd4 55.Rxg6 Rb3 56.Rd6 Rxh3+
57.Kg2 Rg3+ 58.Kh2 Bg1+ 59.Kh1 Bc5 60.Rd7 h3 61.Kh2 Rf3 62.Rc7 Bd4 63.Rc4 Bf2
64.Re4 Kf7 65.Re2 Bd4 66.Re4 Bc5 67.Re2 Bd6 68.Re3 Bxf4+ 69.Nxf4 Rxe3 70.Nxh3 Re4
71.Kg3 Re5 72.Nf2 Rd5 73.Nh3 Rd7 74.Kg2  1/2-1/2

[Event "FSFMC December"]
[Site "Budapest HUN"]
[Date "2010.12.12"]
[Round "9"]
[White "Merk,Andras"]
[Black "Kelemen,La"]
[Result "1-0"]
[WhiteElo "1538"]
[BlackElo "1451"]

1.e4 c5 2.Nf3 e6 3.d4 cxd4 4.Nxd4 Nc6 5.Nb5 d6 6.N1c3 a6 7.Nd4 e5 8.Nf3 Nf6
9.Bc4 Be6 10.Nd5 Nxe4 11.O-O b5 12.Bb3 Nc5 13.Ng5 Nxb3 14.axb3 Be7 15.Nxe6 fxe6
16.Nc3 O-O 17.Kh1 Qd7 18.f4 b4 19.Ne4 d5 20.Ng3 Qc7 21.Qg4 Nd4 22.Be3 Nf5
23.Nxf5 exf5 24.Qf3 d4 25.Bg1 e4 26.Qd1 e3 27.Qxd4 Bc5 28.Qc4+ Rf7 29.Rfe1 Qb6
30.Rad1 h6 31.Rd5 Be7 32.Rxf5 Rf8 33.Rxe3 Qd6 34.Rxf7 Rxf7 35.Re6 Qd7 36.Rxa6 Bf6
37.Ra7 Qe8 38.Qxf7+ Qxf7 39.Rxf7 Kxf7 40.Bc5 Be7 41.Bxe7 Kxe7 42.c3 Kd6 43.cxb4 Kc6
44.g4 Kb5 45.g5 h5 46.f5  1-0

[Event "17th Open A"]
[Site "Zadar CRO"]
[Date "2010.12.13"]
[Round "2.15"]
[White "Paljusaj,E"]
[Black "Bosiocic,Mari"]
[Result "0-1"]
[WhiteElo "2316"]
[BlackElo "2564"]

1.e4 c5 2.Nf3 e6 3.d4 cxd4 4.Nxd4 Nc6 5.Nb5 d6 6.c4 Nf6 7.N5c3 Be7 8.Be2 O-O
9.O-O b6 10.Bf4 Bb7 11.Nd2 Rc8 12.Re1 Re8 13.a3 Bf8 14.Rc1 Nd7 15.b4 a5 16.bxa5 Nxa5
17.Nb5 Nc5 18.Bf1 Bc6 19.Qc2 Nxe4 20.Na7 Nxd2 21.Nxc8 Ndb3 22.Nxd6 Bxd6 23.Rcd1 Bxf4
24.Rxd8 Rxd8 25.Rd1 Nd4 26.Qb1 Bc7 27.Bd3 g6 28.Qb4 Nb7 29.Qe7 Rd7 30.Qf6 Nc5
31.Kf1 Ba4 32.Bc2 Nxc2 33.Rxd7 Nxd7 34.Qf3 Kg7 35.Qb7 Be5 36.Qa6 Bb3 37.Qb5 Nc5
38.Qxb6 Bxc4+ 39.Kg1 Bd4 40.Qa5 Nd3 41.a4 Nxf2 42.Qc7 Nd3+ 43.Kh1 Ne5  0-1

[Event "ch-AZE"]
[Site "Baku AZE"]
[Date "2011.01.24"]
[Round "4.6"]
[White "Durarbeyli,V"]
[Black "Mamedov,Nid"]
[Result "0-1"]
[WhiteElo "2504"]
[BlackElo "2580"]

1.e4 c5 2.Nf3 e6 3.d4 cxd4 4.Nxd4 Nc6 5.Nb5 d6 6.c4 Nf6 7.N1c3 a6 8.Na3 Be7
9.Be2 O-O 10.O-O b6 11.Re1 Bb7 12.Bf1 Rc8 13.Bg5 Ne5 14.Rc1 Re8 15.Rc2 h6
16.Bh4 Qc7 17.Bg3 Red8 18.Rd2 Bf8 19.Kh1 Kh8 20.h3 Kg8 21.Re3 Be7 22.Bh2 Nfd7
23.Be2 Kh8 24.Nc2 Ng6 25.b3 Nc5 26.b4 Nd7 27.f4 e5 28.f5 Ngf8 29.h4 Bxh4
30.Rxd6 Be7 31.Red3 Bxd6 32.Rxd6 Nf6 33.Bxe5 Rxd6 34.Bxd6 Qc6 35.Bxf8 Rxf8
36.Bd3 Qd6 37.Nd5 Re8 38.Qf3 Qe5 39.Nce3 Nxe4 40.Ng4 Qa1+ 41.Kh2 Bxd5 42.cxd5 Nf6
43.Nxf6 Qxf6 44.Bxa6 Qh4+ 45.Qh3 Qxb4 46.Qg3 Qd4 47.Bb5 Re3 48.Qd6  0-1

[Event "61st ch-RUS w 1st League"]
[Site "Ivanovo RUS"]
[Date "2011.02.22"]
[Round "2"]
[White "Azimova,K"]
[Black "Kindinova,E"]
[Result "0-1"]
[WhiteElo "2028"]
[BlackElo "2188"]

1.e4 c5 2.Nf3 e6 3.d4 cxd4 4.Nxd4 Nc6 5.Nb5 d6 6.c4 a6 7.Nd4 Qc7 8.Be3 Nf6
9.Nc3 Ne5 10.Rc1 Be7 11.Be2 Ned7 12.f4 b6 13.Bf3 Bb7 14.e5 dxe5 15.fxe5 Nxe5
16.Bxb7 Qxb7 17.Qe2 O-O 18.O-O Neg4 19.Kh1 Nxe3 20.Qxe3 Rac8 21.b3 Rc5 22.Na4 Rh5
23.Qe2 Qc7 24.h3 Rh4 25.Rfd1 Ne4 26.Qc2 Bg5  0-1

[Event "27th Open"]
[Site "Cappelle la Grande FRA"]
[Date "2011.03.05"]
[Round "9.9"]
[White "Szabo,Krisz1"]
[Black "Kryvoruchko,Y"]
[Result "0-1"]
[WhiteElo "2517"]
[BlackElo "2640"]

1.e4 c5 2.Nf3 e6 3.d4 cxd4 4.Nxd4 Nc6 5.Nb5 d6 6.c4 Nf6 7.N1c3 a6 8.Na3 Be7
9.Be2 O-O 10.O-O b6 11.Be3 Bb7 12.Qb3 Nd7 13.Rad1 Nc5 14.Qc2 Qc7 15.Nab1 Rac8
16.a3 Nd7 17.Rc1 Qb8 18.Rfd1 Bd8 19.b4 Bc7 20.Nd2 Ne7 21.Bg5 Rfe8 22.Nf3 h6
23.Bh4 Ng6 24.Bg3 Nf6 25.Nd4 h5 26.Nf3 d5 27.exd5 exd5 28.Qa2 Bf4 29.cxd5 h4
30.Bxf4 Nxf4 31.Bf1 N6xd5 32.Nxd5 Rxc1 33.Nf6+ gxf6 34.Rxc1 Bxf3 35.gxf3 Qe5
36.Kh1 Qg5 37.h3 Kh8 38.Qxf7 Rg8  0-1

[Event "TCh-FIN 2010-11"]
[Site "Helsinki FIN"]
[Date "2011.03.12"]
[Round "8.4"]
[White "Kokkila,T"]
[Black "Kauko,J"]
[Result "1/2-1/2"]
[WhiteElo "2327"]
[BlackElo "2298"]

1.e4 c5 2.Nf3 e6 3.d4 cxd4 4.Nxd4 Nc6 5.Nb5 d6 6.Bf4 e5 7.Be3 Be6 8.N1c3 a6
9.Na3 Nf6 10.Nc4 b5 11.Nb6 Rb8 12.Nbd5 Be7 13.Be2 O-O 14.O-O Re8 15.Nxf6+ Bxf6
16.Nd5 Bg5 17.c3 Bxe3 18.fxe3 Ne7 19.Qd2 Nxd5 20.exd5 Bd7 21.b4 a5 22.a3 Ra8
23.Kh1 Qb6 24.e4  1/2-1/2

[Event "ch-PriFO A"]
[Site "Tolyatti RUS"]
[Date "2011.03.14"]
[Round "5.29"]
[White "Ivanov,Ro"]
[Black "Zaynutdinov,I"]
[Result "1-0"]
[WhiteElo "2235"]
[BlackElo "2002"]

1.e4 c5 2.Nf3 e6 3.d4 cxd4 4.Nxd4 Nc6 5.Nb5 d6 6.Bf4 e5 7.Be3 Nf6 8.N5c3 Be7
9.h3 O-O 10.Bc4 Be6 11.Bb3 a6 12.O-O b5 13.Qe2 Rc8 14.Nd5 Bxd5 15.exd5 Na5
16.Rd1 Ne4 17.f3 Nc5 18.Nd2 Ncxb3 19.cxb3 Rc2 20.Rab1 Qc7 21.Qd3 Rc8 22.Ne4 b4
23.Qxa6 Nb7 24.Qd3 Qa5 25.Nc3 R2xc3 26.bxc3 Rxc3 27.Qe2 Bd8 28.Kh2 f5 29.Rbc1 Rxc1
30.Bxc1 Bb6 31.Qc2 Nc5 32.Bd2 f4 33.a4 Nd7 34.Qc6 Qa7 35.Bxb4 Bc5 36.Bxc5 dxc5
37.Qe6+ Kf8 38.d6  1-0

[Event "1st Gaudeamus Cup"]
[Site "Bucharest ROU"]
[Date "2011.03.26"]
[Round "2"]
[White "Vijiila,C"]
[Black "Pelin,Puiu-Claudiu"]
[Result "1-0"]
[WhiteElo "2032"]
[BlackElo "1421"]

1.e4 c5 2.Nf3 e6 3.d4 cxd4 4.Nxd4 Nc6 5.Nb5 a6 6.Nd6+ Bxd6 7.Qxd6 Nge7 8.Nc3 O-O
9.Be3 Re8 10.Bd3 Ng6 11.a4 Qe7 12.Qg3 Nb4 13.h4 f6 14.f4 e5 15.f5 Nxd3+ 16.cxd3 Nf8
17.Nd5 Qd6 18.Bh6 Re7 19.h5 Kh8 20.Rh4 Ne6 21.fxe6 dxe6 22.Nxe7 Qxe7 23.Rg4 g5
24.hxg6 hxg6 25.Rxg6 Qh7 26.Kd2 Bd7 27.Rh1 Rg8 28.Rxg8+ Qxg8 29.Bg7+  1-0

[Event "XLII Abierto Internacional"]
[Site "Mar del Plata ARG"]
[Date "2011.04.18"]
[Round "4.3"]
[White "Zamorano,Jor"]
[Black "Alonso,S"]
[Result "0-1"]
[WhiteElo "2271"]
[BlackElo "2467"]

1.e4 c5 2.Nf3 Nc6 3.d4 cxd4 4.Nxd4 e6 5.Nb5 d6 6.c4 Nf6 7.N1c3 a6 8.Na3 Be7
9.Bd3 b6 10.O-O Ne5 11.Be2 Bb7 12.f3 O-O 13.Qb3 d5 14.cxd5 exd5 15.exd5 b5
16.Bf4 Ng6 17.Bg3 Nh5 18.Bf2 b4 19.Nc4 Nhf4 20.Rfe1 bxc3 21.Qxb7 Rb8 22.Qc6 cxb2
23.Rab1 Bb4 24.Bf1 Bxe1 25.Bxe1 Qxd5 26.Qxd5 Nxd5 27.Rxb2 Rxb2 28.Nxb2 Rb8
29.Nc4 Rb1 30.Kf2 Ra1 31.a3 Ra2+ 32.Kg3 Ngf4 33.Bd2 Ne6 34.Bd3 Nb6 35.Bb4 Nd5
36.Bd6 g5 37.Bb1 Ra1 38.Be4 Ndf4 39.Ne3 f6 40.h4 Re1 41.Ng4 Re2 42.Nxf6+ Kg7
43.hxg5 Rxg2+ 44.Kh4 Ng6+ 45.Bxg6 Kxg6 46.f4 Kf5 47.Nd5 Rd2 48.Ne7+ Ke4 49.Bb4 Rg2
50.f5 Nxg5 51.f6 Nf7 52.Nc8 Kf5 53.Be7 Kg6 54.Nb6 h5 55.Nd5 Rg4+ 56.Kh3 Ng5+
57.Kh2 h4 58.Bd8 Nf3+ 59.Kh1 h3  0-1

[Event "Cez Cup GM 2011"]
[Site "Frydek Mistek CZE"]
[Date "2011.04.19"]
[Round "2"]
[White "Velicka,P"]
[Black "Krejci,Jan2"]
[Result "1-0"]
[WhiteElo "2477"]
[BlackElo "2451"]

1.e4 c5 2.Nf3 e6 3.d4 cxd4 4.Nxd4 Nc6 5.Nb5 d6 6.c4 Nf6 7.N1c3 a6 8.Na3 Be7
9.Be2 O-O 10.O-O b6 11.Be3 Bb7 12.Qb3 Nd7 13.Rad1 Nc5 14.Qc2 Qc7 15.Qd2 Rfd8
16.f4 Bf6 17.Bf3 Ne7 18.Nab1 Bc6 19.b4 Na4 20.Rc1 Nxc3 21.Nxc3 Qb7 22.Rfe1 Bxc3
23.Qxc3 f5 24.Qd4 Bxe4 25.Bxe4 fxe4 26.Qxb6 Rab8 27.Qxb7 Rxb7 28.a3 d5 29.Bd4 Kf7
30.cxd5 exd5 31.Red1 Rdd7 32.Kf2 Rbc7 33.g4 Ng6 34.Kg3 Rc4 35.f5 Ne7 36.Kf4 Nc6
37.Bxg7 e3+ 38.Rxc4 e2 39.Re1 dxc4 40.Bh8 Rd2 41.h4 Ra2 42.g5 Ne7 43.h5 Nd5+
44.Ke4 c3 45.Kxd5 Rd2+ 46.Ke4 c2 47.g6+ Kf8 48.Bb2  1-0